00391nam a2200121Ia 4500008004100000082002200041100002700063245011000090260001300200260003100213260000900244365001600253180713s9999 xx 000 0 und d a577 B39  a"Brewar, Richard " 0aScience of Ecology  aNew York b Holt Rinehart and Winston c1994 b"10,065.00"